[Event "Women's Speed Chess Q7"]
[Site "chess.com INT"]
[Date "2021.06.06"]
[Round "3"]
[White "Ziegenfuss, Antonia"]
[Black "Ortiz Verdezoto, Anahi"]
[Result "0-1"]
[WhiteTitle "WFM"]
[BlackTitle "WIM"]
[WhiteElo "2157"]
[BlackElo "2013"]
[WhiteFideId "12962554"]
[BlackFideId "3614581"]
[EventDate "2021.06.06"]

1. d4 Nf6 2. c4 e6 3. Nc3 b6 4. d5 Bb4 5. Qc2 exd5 6. cxd5 O-O 7. e4 Bb7 8. Bd3
Re8 9. Ne2 d6 10. O-O Nbd7 11. a3 Bxc3 12. bxc3 Nc5 13. f3 h6 14. c4 a5 15. Bb2
a4 16. Kh1 Ba6 17. Ng3 Rb8 18. Rab1 Nxd3 19. Qxd3 b5 20. Qe3 bxc4 21. Bc3 Rb3
22. Rxb3 cxb3 23. Rc1 Bc8 24. Qf4 Nh7 25. Nh5 f6 26. Qg3 Qe7 27. Bb2 Qf7 28. Nf4
g5 29. Nd3 f5 30. e5 f4 31. Qf2 dxe5 32. Nxe5 Qf5 33. h3 Rxe5 34. Bxe5 Qxe5 35.
Qc5 b2 36. Rb1 Bf5 37. Qc4 Kh8 38. Rf1 b1=Q 39. Rxb1 Bxb1 40. Qb5 0-1

[Event "Women's Speed Chess Q7"]
[Site "chess.com INT"]
[Date "2021.06.06"]
[Round "3"]
[White "Gevorgyan, Maria"]
[Black "Jakubowska, Anna"]
[Result "0-1"]
[WhiteTitle "WGM"]
[BlackTitle "WIM"]
[WhiteElo "2219"]
[BlackElo "2073"]
[WhiteFideId "13300270"]
[BlackFideId "1121952"]
[EventDate "2021.06.06"]

1. e4 c6 2. d4 d5 3. Nc3 dxe4 4. Nxe4 Nf6 5. Nxf6+ exf6 6. Nf3 Bd6 7. Be3 O-O 8.
c3 Re8 9. Be2 Nd7 10. Qc2 c5 11. O-O-O cxd4 12. Nxd4 Bf8 13. Nb5 Qa5 14. Kb1 Ne5
15. h3 Be6 16. b3 Rec8 17. f4 a6 18. fxe5 axb5 19. Bd4 Qa3 20. Bd3 g6 21. exf6
Bb4 22. h4 Bxc3 23. Bxc3 b4 24. h5 Rxc3 25. Qb2 Qa5 26. hxg6 fxg6 27. Rh4 Rd8
28. Qe2 Bxb3 29. Bc4+ Bxc4 30. Rxd8+ Qxd8 31. Qg4 Qd3+ 32. Ka1 Rc1+ 33. Kb2 Qc3# 0-1

[Event "Women's Speed Chess Q7"]
[Site "chess.com INT"]
[Date "2021.06.06"]
[Round "3"]
[White "Gunina, Valentina"]
[Black "Paehtz, Elisabeth"]
[Result "1-0"]
[WhiteTitle "GM"]
[BlackTitle "IM"]
[WhiteElo "2436"]
[BlackElo "2456"]
[WhiteFideId "4167570"]
[BlackFideId "4641833"]
[EventDate "2021.06.06"]

1. d4 g6 2. c4 Bg7 3. Nf3 d6 4. g3 Nc6 5. Bg2 e5 6. d5 Nb8 7. O-O Nd7 8. Nc3 a5
9. e4 Ne7 10. Be3 O-O 11. Nd2 h6 12. Qc2 f5 13. f4 fxe4 14. Ndxe4 Nf5 15. Bd2
exf4 16. Bxf4 Ne5 17. b3 Bd7 18. Rae1 g5 19. Bd2 Nd4 20. Qb1 Ndf3+ 21. Kh1 Nxe1
22. Rxe1 Qe7 23. c5 Rf7 24. cxd6 cxd6 25. Ne2 Bf5 26. Nd4 Bxe4 27. Bxe4 Rf2 28.
Be3 Rxh2+ 29. Kxh2 Ng4+ 30. Kh3 Nxe3 31. Ne6 g4+ 32. Kh2 Rf8 33. Rxe3 Rf2+ 34.
Kg1 Qf6 35. Nxg7 Kxg7 36. Bg2 Rb2 37. Qe1 Qd4 38. Kh2 Rxa2 39. Re7+ Kg6 40. Qe6+
Qf6 41. Qxg4+ Qg5 42. Qe6+ Qf6 43. Kh3 Rb2 44. Qg8+ Kf5 45. Qg4# 1-0

[Event "Women's Speed Chess Q7"]
[Site "chess.com INT"]
[Date "2021.06.06"]
[Round "3"]
[White "Babiy, Olga"]
[Black "Balabayeva, Xeniya"]
[Result "1-0"]
[WhiteTitle "WGM"]
[BlackTitle "WFM"]
[WhiteElo "2280"]
[BlackElo "2116"]
[WhiteFideId "14117258"]
[BlackFideId "13719688"]
[EventDate "2021.06.06"]

1. d4 d5 2. Bf4 Nf6 3. Nf3 c5 4. e3 Nc6 5. Nbd2 Qb6 6. dxc5 Qxb2 7. Rb1 Qc3 8.
Bb5 Bg4 9. O-O e6 10. h3 Bxf3 11. Nxf3 Qxc5 12. c4 Be7 13. cxd5 Nxd5 14. Bg3 O-O
15. Qb3 Nc3 16. Rfc1 Qxb5 17. Qxc3 Qa5 18. Rxb7 Qxc3 19. Rxc3 Rfc8 20. Rxc6 Rxc6
21. Rxe7 a5 22. Ne5 Rc1+ 23. Kh2 f6 24. Nd3 Rc2 25. Rxe6 Rxa2 26. Re7 Rd2 27.
Nf4 a4 28. Nh5 a3 29. Rxg7+ Kh8 30. Bh4 Rd6 31. Bg3 Rc6 32. Rf7 a2 33. Nxf6 a1=Q
34. Rxh7# 1-0

[Event "Women's Speed Chess Q7"]
[Site "chess.com INT"]
[Date "2021.06.06"]
[Round "3"]
[White "Arabidze, Meri"]
[Black "Grineva, Marianna"]
[Result "1-0"]
[WhiteTitle "IM"]
[BlackTitle "WFM"]
[WhiteElo "2432"]
[BlackElo "2029"]
[WhiteFideId "13604040"]
[BlackFideId "14102013"]
[EventDate "2021.06.06"]

1. Nf3 c5 2. g3 Nf6 3. Bg2 g6 4. O-O Bg7 5. c4 O-O 6. Nc3 Nc6 7. d3 d6 8. Rb1 e5
9. a3 Nd4 10. Ne1 Rb8 11. e3 Ne6 12. b4 cxb4 13. axb4 h5 14. h3 Ng5 15. Kh2 Bd7
16. f4 exf4 17. exf4 Nfh7 18. Ne4 Nxe4 19. dxe4 Qc7 20. Bb2 Qxc4 21. Bxg7 Kxg7
22. Qxd6 Bb5 23. Nf3 Rbd8 24. Qe5+ Kg8 25. Rfc1 Qe2 26. Rb2 Qd3 27. Rd2 Qa3 28.
Rxd8 Rxd8 29. Rc7 Qxb4 30. Rxb7 a6 31. Qc7 Rf8 32. Ne5 Qb3 33. f5 Ng5 34. fxg6
Qb2 35. gxf7+ Kg7 36. Qd6 Bf1 37. Qg6+ Kh8 38. Qh6+ Nh7 39. Ng6# 1-0

[Event "Women's Speed Chess Q7"]
[Site "chess.com INT"]
[Date "2021.06.06"]
[Round "3"]
[White "Arpita, Mukherjee"]
[Black "Frayna, Janelle Mae"]
[Result "1-0"]
[WhiteTitle "WIM"]
[BlackTitle "WGM"]
[WhiteElo "2206"]
[BlackElo "2179"]
[WhiteFideId "5056403"]
[BlackFideId "5212499"]
[EventDate "2021.06.06"]

1. e4 Nf6 2. e5 Nd5 3. d4 d6 4. Nf3 g6 5. c4 Nb6 6. Nc3 Bg7 7. exd6 cxd6 8. h3
O-O 9. Be2 Nc6 10. Be3 d5 11. c5 Nc4 12. Bc1 b6 13. O-O bxc5 14. dxc5 d4 15.
Bxc4 dxc3 16. bxc3 Bxc3 17. Rb1 Bf5 18. Rb3 Qxd1 19. Rxd1 Bc2 20. Rxc3 Bxd1 21.
Bd5 Rac8 22. Ng5 Ba4 23. Bf4 Nb4 24. Bc4 Bc6 25. Bg3 Bd5 26. Bb3 a5 27. a3 Bxb3
28. Rxb3 Na6 29. Rb7 Rxc5 30. Ne4 Rc7 31. Bxc7 Re8 32. Bg3 f5 33. Ng5 Kg7 34.
Ra7 Nc5 35. Rxa5 Nd3 36. Ne6+ Kf6 37. Nc7 Rc8 38. Nd5+ Ke6 39. Nc7+ Kd7 40. Rd5+
Kc6 41. Rxd3 e5 42. Bxe5 1-0

[Event "Women's Speed Chess Q7"]
[Site "chess.com INT"]
[Date "2021.06.06"]
[Round "3"]
[White "Ortez, Andrea"]
[Black "Dong, Khanh Linh"]
[Result "0-1"]
[WhiteTitle "WIM"]
[BlackTitle "WCM"]
[WhiteElo "1969"]
[BlackElo "1970"]
[WhiteFideId "6702392"]
[BlackFideId "12403040"]
[EventDate "2021.06.06"]

1. e4 c5 2. c3 d6 3. d4 cxd4 4. cxd4 Nf6 5. Nc3 Nc6 6. Nf3 g6 7. Bc4 Bg7 8. a3
O-O 9. O-O a6 10. Ba2 b5 11. Qe2 Bb7 12. Rd1 Qb6 13. Be3 Ng4 14. Rac1 Nxe3 15.
fxe3 e6 16. Rf1 Rac8 17. Qf2 Na5 18. Nd2 Nc4 19. Nxc4 bxc4 20. Qe2 d5 21. exd5
exd5 22. Qf2 Rc7 23. Rc2 Re7 24. Ne2 Bh6 25. Kh1 f5 26. Qf3 Rxe3 27. Qf2 Rfe8
28. Ng3 Qxd4 29. Rd2 Qe5 30. Rdd1 f4 31. Bb1 fxg3 32. Qf7+ Kh8 33. hxg3 Qxg3 34.
Qf6+ Bg7 0-1

[Event "Women's Speed Chess Q7"]
[Site "chess.com INT"]
[Date "2021.06.06"]
[Round "3"]
[White "Tarasova, Viktoriya"]
[Black "Papp, Petra"]
[Result "0-1"]
[WhiteTitle "WIM"]
[BlackTitle "WGM"]
[WhiteElo "2226"]
[BlackElo "2336"]
[WhiteFideId "4175840"]
[BlackFideId "739049"]
[EventDate "2021.06.06"]

1. d4 Nf6 2. c4 g6 3. Nc3 d5 4. cxd5 Nxd5 5. e4 Nxc3 6. bxc3 Bg7 7. Bc4 c5 8.
Ne2 O-O 9. Be3 Nc6 10. O-O Qc7 11. Rc1 b6 12. Qd2 Bb7 13. f3 Rad8 14. d5 e6 15.
Bf4 e5 16. Bg5 Rd7 17. Bd3 f6 18. Be3 Ne7 19. c4 Nc8 20. f4 Nd6 21. f5 gxf5 22.
exf5 e4 23. Bb1 Re7 24. Nf4 Nxf5 25. Ne6 Rxe6 26. dxe6 Nxe3 27. Qxe3 f5 28. Kh1
Qe7 29. Rcd1 Qxe6 30. Qg5 h6 31. Qh4 e3 32. Rd8 e2 33. Re1 Rxd8 34. Qxd8+ Kh7
35. Qh4 Bc3 36. Qf2 Bxe1 37. Bxf5+ Kg7 38. Qxe1 Qxf5 39. Qg3+ Kh7 40. Qc7+ Kg6
41. Qd6+ Qf6 42. Qg3+ Qg5 43. Qd6+ Kf7 44. Qc7+ Ke6 45. h3 e1=Q+ 46. Kh2 Qxg2# 0-1

[Event "Women's Speed Chess Q7"]
[Site "chess.com INT"]
[Date "2021.06.06"]
[Round "3"]
[White "Kashlinskaya, Alina"]
[Black "Buksa, Nataliya"]
[Result "1-0"]
[WhiteTitle "IM"]
[BlackTitle "IM"]
[WhiteElo "2494"]
[BlackElo "2413"]
[WhiteFideId "4198026"]
[BlackFideId "14123622"]
[EventDate "2021.06.06"]

1. d4 d5 2. Bg5 Nf6 3. Bxf6 exf6 4. Nf3 g6 5. c4 dxc4 6. e3 c6 7. Bxc4 Bg7 8.
Nc3 f5 9. h4 Nd7 10. Qc2 h5 11. Ng5 O-O 12. O-O-O Nf6 13. e4 b5 14. Bb3 b4 15.
Na4 fxe4 16. Nc5 Bf5 17. Qc4 Nd5 18. Ncxe4 a5 19. Nc5 Nb6 20. Qe2 a4 21. Bc2
Bxc2 22. Qxc2 b3 23. axb3 axb3 24. Qxb3 Nd5 25. Kb1 Qf6 26. Rh3 Rfb8 27. Qc2 Qd8
28. Rf3 Qa5 29. Nb3 Qa4 30. Nxf7 Nb4 31. Qxg6 Nd5 32. Nh6+ Kh8 33. Nf7+ Kg8 34.
Rg3 Qa2+ 35. Kc1 Qa1+ 36. Nxa1 Rxa1+ 37. Kd2 Rxb2+ 38. Ke1 Rxd1+ 39. Kxd1 Nc3+
40. Kc1 Rb1+ 41. Kc2 Rc1+ 42. Kxc1 Ne2+ 43. Kd2 Nxg3 44. fxg3 Kf8 45. Ng5 c5 46.
Ne6+ Ke7 47. Nxg7 cxd4 48. Nf5+ 1-0

[Event "Women's Speed Chess Q7"]
[Site "chess.com INT"]
[Date "2021.06.06"]
[Round "3"]
[White "Zhou, Qiyu"]
[Black "Gaponenko, Inna"]
[Result "1/2-1/2"]
[WhiteTitle "FM"]
[BlackTitle "IM"]
[WhiteElo "2229"]
[BlackElo "2357"]
[WhiteFideId "505161"]
[BlackFideId "14101181"]
[EventDate "2021.06.06"]

1. e4 g6 2. d4 Bg7 3. Nc3 d6 4. Be3 a6 5. Qd2 b5 6. O-O-O Nd7 7. h4 Ngf6 8. f3
Nb6 9. Bh6 Bxh6 10. Qxh6 Be6 11. Kb1 Bc4 12. Nge2 Qd7 13. e5 Nfd5 14. Nxd5 Nxd5
15. Nf4 Nxf4 16. Qxf4 dxe5 17. Qxe5 f6 18. Qc5 Bxf1 19. Rhxf1 O-O-O 20. Rfe1 e5
21. d5 Kb7 22. c4 Qd6 23. Qe3 bxc4 24. Qc3 Qc5 25. Re4 Rxd5 26. Rc1 Rd4 27. Rxd4
exd4 28. Qxc4 Qxc4 29. Rxc4 Rd8 30. Kc2 Kb6 31. Kd3 c5 32. b4 cxb4 33. Rxb4+ Kc5
34. Rb7 Re8 35. Rxh7 Re3+ 36. Kd2 Ra3 37. Rc7+ Kd5 38. Rc2 d3 39. Rb2 Kc4 40. g4
Ra5 41. f4 Rd5 42. Rb8 Ra5 43. Rc8+ Kd4 44. Rd8+ Ke4 45. Re8+ Kxf4 46. Kxd3 Rxa2
47. Re4+ Kg3 48. h5 gxh5 49. gxh5 Rh2 50. Re6 Rxh5 51. Rxf6 Ra5 52. Kc3 Kg4 53.
Kb2 Kg5 54. Rf8 Kg4 55. Rf7 Kg5 56. Rf8 Kg4 57. Rf7 Kg5 58. Rf8 1/2-1/2

[Event "Women's Speed Chess Q7"]
[Site "chess.com INT"]
[Date "2021.06.06"]
[Round "3"]
[White "Fernandez, Maria Florencia"]
[Black "Petrova, Irina"]
[Result "1-0"]
[WhiteTitle "WIM"]
[BlackTitle "WIM"]
[WhiteElo "2229"]
[BlackElo "2110"]
[WhiteFideId "116459"]
[BlackFideId "14124122"]
[EventDate "2021.06.06"]

1. d4 d6 2. c4 e5 3. Nc3 exd4 4. Qxd4 Nc6 5. Qd1 Nf6 6. Nf3 Be6 7. e3 g6 8. Be2
Bg7 9. O-O O-O 10. Bd2 d5 11. cxd5 Nxd5 12. Rc1 Nxc3 13. Bxc3 Bxc3 14. Rxc3 Qxd1
15. Rxd1 Rfd8 16. Rdc1 Bg4 17. a3 Bxf3 18. Bxf3 Rd2 19. b4 Rad8 20. h4 a6 21.
Bxc6 bxc6 22. Rxc6 Ra2 23. Rxa6 Rdd2 24. Rf6 Kg7 25. Rf4 Rd7 26. b5 Rxa3 27. Rc5
h5 28. Rfc4 Rb3 29. Kh2 Rb2 30. Kg3 Rdd2 31. Rf4 Rd7 32. e4 Rd3+ 33. Rf3 Rd7 34.
e5 Re7 35. Rfc3 Rd7 36. Rxc7 Rxc7 37. Rxc7 Rxb5 38. e6 Rb3+ 39. f3 Rb6 40. Rxf7+
Kg8 41. Rf6 Kg7 42. Rf7+ Kg8 43. Re7 Rb4 44. Rc7 Rb6 45. Rc8+ Kg7 46. e7 1-0

[Event "Women's Speed Chess Q7"]
[Site "chess.com INT"]
[Date "2021.06.06"]
[Round "3"]
[White "Bodnaruk, Anastasia"]
[Black "Vantika, Agrawal"]
[Result "1-0"]
[WhiteTitle "IM"]
[BlackTitle "WIM"]
[WhiteElo "2446"]
[BlackElo "2286"]
[WhiteFideId "4181751"]
[BlackFideId "25050389"]
[EventDate "2021.06.06"]

1. e4 e6 2. d4 d5 3. e5 c5 4. c3 Nc6 5. Nf3 Qb6 6. a3 c4 7. g3 Bd7 8. h4 Na5 9.
Nbd2 h6 10. Bh3 Ne7 11. O-O O-O-O 12. Rb1 Kb8 13. Ne1 Qc7 14. f4 g6 15. h5 Nc8
16. Ng2 Rg8 17. hxg6 fxg6 18. Ne3 Be7 19. Ng4 Rh8 20. Nf6 Nb6 21. Nxd7+ Qxd7 22.
Qg4 g5 23. Qxe6 Qxe6 24. Bxe6 gxf4 25. gxf4 h5 26. Nf3 h4 27. f5 Nc6 28. f6 Bf8
29. Kh2 Nc8 30. Ng5 Rh5 31. Nf7 Re8 32. Bd7 Rd8 33. Nxd8 Nxd8 34. Bg4 Rh8 35. e6
Bd6+ 36. Bf4 Bxf4+ 37. Rxf4 Nc6 38. f7 Rf8 39. Rg1 N8e7 40. Bd1 Kc7 41. Bc2 Kd6
42. Rf6 b5 43. Bh7 Nd8 44. Rg8 Nxg8 45. fxg8=Q Rxg8 46. Bxg8 Ke7 47. Rh6 Nc6 48.
Rh7+ 1-0

[Event "Women's Speed Chess Q7"]
[Site "chess.com INT"]
[Date "2021.06.06"]
[Round "3"]
[White "Cyfka, Karina"]
[Black "Obregon Garcia, Roxangel"]
[Result "1-0"]
[WhiteTitle "IM"]
[BlackTitle "WIM"]
[WhiteElo "2417"]
[BlackElo "2167"]
[WhiteFideId "1122681"]
[BlackFideId "3520420"]
[EventDate "2021.06.06"]

1. d4 d5 2. c4 c6 3. Nf3 Nf6 4. e3 e6 5. Nc3 Nbd7 6. Qc2 Bd6 7. Bd3 O-O 8. O-O
dxc4 9. Bxc4 b5 10. Bd3 Bb7 11. e4 e5 12. dxe5 Nxe5 13. Nxe5 Bxe5 14. h3 Re8 15.
Bg5 h6 16. Bh4 b4 17. Ne2 Qd7 18. f4 Bd4+ 19. Nxd4 Qxd4+ 20. Bf2 Qd7 21. Rad1
Rad8 22. e5 Nd5 23. Bxa7 Qc7 24. Bc5 Qa5 25. Bh7+ Kh8 26. Be4 Ba6 27. Rf2 Bb5
28. Bxd5 cxd5 29. Qf5 Bc4 30. Bd4 Re7 31. e6 f6 32. Bxf6 Rf8 33. Bxg7+ Kxg7 34.
Qe5+ Kh7 35. f5 Qa6 36. f6 Rxe6 37. Qf5+ Kh8 38. Qg6 Rexf6 39. Rxf6 Rxf6 40.
Qe8+ Kg7 41. Re1 Qd6 42. Re7+ Qxe7 43. Qxe7+ Rf7 44. Qe5+ Kg6 45. b3 1-0

[Event "Women's Speed Chess Q7"]
[Site "chess.com INT"]
[Date "2021.06.06"]
[Round "3"]
[White "Sviridova, Vlada"]
[Black "Pham, Le Thao Nguyen"]
[Result "0-1"]
[WhiteTitle "WFM"]
[BlackTitle "IM"]
[WhiteElo "2144"]
[BlackElo "2369"]
[WhiteFideId "24109606"]
[BlackFideId "12401226"]
[EventDate "2021.06.06"]

1. d4 d5 2. c4 c6 3. Nf3 Nf6 4. Nc3 dxc4 5. a4 Bf5 6. Ne5 Na6 7. e3 Nb4 8. Bxc4
e6 9. O-O Bd6 10. Qe2 Bxe5 11. dxe5 Nd7 12. Rd1 O-O 13. e4 Bg6 14. Be3 a5 15. f4
Qc7 16. Rf1 Rae8 17. Rad1 Kh8 18. g4 f6 19. exf6 Nxf6 20. Bc5 Rf7 21. f5 exf5
22. Bxf7 Qxf7 23. Qg2 fxg4 24. e5 Rxe5 25. Bd4 Re8 26. Bxf6 gxf6 27. Qxg4 Bc2
28. Rd2 Rg8 29. Qxg8+ Qxg8+ 30. Rg2 Qf7 31. Rgf2 f5 32. Rf4 Nd5 33. Nxd5 cxd5
34. R1f2 Be4 35. Kf1 Qh5 36. Ke1 Qh3 37. Kd2 Qd3+ 38. Ke1 Qb1+ 39. Kd2 Qxb2+ 40.
Ke3 Qc3+ 41. Ke2 d4 42. Rh4 d3+ 43. Kd1 Qa1+ 44. Kd2 Qb2+ 45. Ke3 Qb6+ 46. Kf4
Qxf2+ 47. Kg5 d2 48. Rf4 Qe3 0-1

[Event "Women's Speed Chess Q7"]
[Site "chess.com INT"]
[Date "2021.06.06"]
[Round "3"]
[White "Varshini, V"]
[Black "Kulkarni, Bhakti"]
[Result "0-1"]
[WhiteTitle "WGM"]
[BlackTitle "IM"]
[WhiteElo "2226"]
[BlackElo "2391"]
[WhiteFideId "5091241"]
[BlackFideId "5019516"]
[EventDate "2021.06.06"]

1. e4 d5 2. exd5 Nf6 3. d4 Nxd5 4. Nf3 Bf5 5. Be2 e6 6. O-O Bd6 7. c4 Nf6 8. Nc3
c6 9. h3 O-O 10. Be3 h6 11. Ne5 Nbd7 12. f4 Qc7 13. Bd3 Bxd3 14. Qxd3 a6 15.
Rad1 Rad8 16. Qe2 c5 17. Kh1 cxd4 18. Bxd4 Bc5 19. Bxc5 Nxc5 20. b3 Rxd1 21.
Rxd1 Rd8 22. Rxd8+ Qxd8 23. Qd1 Qxd1+ 24. Nxd1 Nfe4 25. Ne3 f6 26. Nf3 Nd3 27.
Nd4 Nxf4 28. Kh2 e5 29. Ndf5 Kf7 30. g3 Nd3 31. Kg2 h5 32. Kf3 Ng5+ 33. Kg2 g6
34. Nd6+ Ke6 35. Nxb7 Ne1+ 36. Kf2 Nd3+ 37. Kg2 f5 38. b4 f4 39. b5 f3+ 40. Kf1
Ne4 41. c5 axb5 42. c6 Nxg3+ 43. Kg1 Ne2+ 44. Kf1 Nd4 45. c7 Kd7 46. Nd5 Ne2 47.
Na5 Ng3+ 48. Kg1 f2+ 49. Kh2 f1=Q 0-1

[Event "Women's Speed Chess Q7"]
[Site "chess.com INT"]
[Date "2021.06.06"]
[Round "3"]
[White "Semenova, Elena1"]
[Black "Garifullina, Leya"]
[Result "1/2-1/2"]
[WhiteTitle "WIM"]
[BlackTitle "WGM"]
[WhiteElo "2246"]
[BlackElo "2399"]
[WhiteFideId "24125148"]
[BlackFideId "34127035"]
[EventDate "2021.06.06"]

1. e4 c5 2. Nf3 d6 3. Nc3 Nf6 4. e5 dxe5 5. Nxe5 a6 6. g3 e6 7. Bg2 Qc7 8. Qe2
Be7 9. d3 O-O 10. Bf4 Bd6 11. h4 Nbd7 12. Nxd7 Bxd7 13. Bxd6 Qxd6 14. O-O Rab8
15. Rad1 b5 16. Ne4 Nxe4 17. dxe4 Qc7 18. e5 b4 19. Rd6 Bb5 20. Qd2 Bxf1 21.
Bxf1 Rfd8 22. Bxa6 h6 23. Bc4 Rxd6 24. exd6 Qd7 25. a3 Rb6 26. axb4 cxb4 27. b3
Qxd6 28. Qe3 Rb8 29. Bd3 Rd8 30. Kh2 Qd4 31. Qf3 e5 32. Qf5 g6 33. Qf6 Qd6 34.
Qf3 h5 35. Bc4 Rd7 36. Qe4 Kg7 37. Kh3 Qf6 38. Kg2 Rd2 39. Qe3 Rxc2 40. Qe1 Rc3
41. Qe2 Qf5 42. Kg1 Rc2 43. Qe3 Ra2 44. Kg2 Ra3 45. Qe2 Ra1 46. Qd2 Qb1 47. Kf3
Qh1+ 48. Ke3 Re1+ 49. Be2 Qg1 50. Qd5 Kh7 51. Qxf7+ Kh6 52. Qf8+ Kh7 53. Qf7+
Kh6 54. Qf8+ Kh7 55. Qf7+ 1/2-1/2

[Event "Women's Speed Chess Q7"]
[Site "chess.com INT"]
[Date "2021.06.06"]
[Round "3"]
[White "Nguyen, Hong Ngoc"]
[Black "Yu, Jennifer"]
[Result "1-0"]
[WhiteTitle "WCM"]
[BlackTitle "FM"]
[WhiteElo "1957"]
[BlackElo "2316"]
[WhiteFideId "12403083"]
[BlackFideId "2078341"]
[EventDate "2021.06.06"]

1. d4 d5 2. Nf3 Nf6 3. c4 c6 4. g3 e6 5. Bg2 dxc4 6. O-O Nbd7 7. a4 a5 8. Nbd2
Nb6 9. Qc2 Be7 10. Nxc4 O-O 11. Nxb6 Qxb6 12. Be3 Nd5 13. Bd2 c5 14. dxc5 Bxc5
15. Rac1 Bd6 16. e4 Nb4 17. Qc4 Bd7 18. Be3 Qa6 19. Qxa6 Rxa6 20. b3 Bc6 21. e5
Bxf3 22. Bxf3 Bxe5 23. Bxb7 Rd6 24. Bc5 Rd7 25. Bxf8 Kxf8 26. Bc6 Rd3 27. Rb1
Bd4 28. Rfd1 Rxd1+ 29. Rxd1 Nxc6 30. Rc1 Nb4 31. Rc8+ Ke7 32. Ra8 Nd3 33. Rxa5
Bxf2+ 34. Kg2 Be1 35. Rb5 Kd6 36. Rb7 Ne5 37. Rb6+ Kc7 38. Rb5 f6 39. a5 Nc6 40.
a6 Bc3 41. Rb7+ Kc8 42. Rxg7 h6 43. a7 Nxa7 44. Rxa7 Bd4 45. Rh7 f5 46. Rxh6 Kd7
47. Rh7+ Kd6 48. b4 Kd5 49. b5 Kc5 50. Re7 e5 51. Rb7 Kd6 52. h4 f4 53. gxf4
exf4 54. Kf3 Be3 55. h5 Kc5 56. h6 1-0

[Event "Women's Speed Chess Q7"]
[Site "chess.com INT"]
[Date "2021.06.06"]
[Round "3"]
[White "Koridze, Lile"]
[Black "Cori T., Deysi"]
[Result "1-0"]
[WhiteTitle "WFM"]
[BlackTitle "WGM"]
[WhiteElo "2016"]
[BlackElo "2388"]
[WhiteFideId "13612514"]
[BlackFideId "3801934"]
[EventDate "2021.06.06"]

1. d4 e6 2. c4 Nf6 3. Nf3 b6 4. g3 Bb7 5. Bg2 Bb4+ 6. Bd2 Bxd2+ 7. Qxd2 Ne4 8.
Qc2 f5 9. O-O d6 10. Nc3 Nd7 11. d5 Nxc3 12. dxe6 Nc5 13. Qxc3 Nxe6 14. Nd4 Nxd4
15. Qe3+ Qe7 16. Bxb7 Rb8 17. Qxd4 Rxb7 18. e4 c5 19. Qd5 f4 20. e5 dxe5 21.
Rfe1 Rd7 22. Qa8+ Rd8 23. Qc6+ Rd7 24. Rad1 fxg3 25. hxg3 O-O 26. Qxd7 Qf6 27.
Qd5+ Kh8 28. Qg2 h5 29. Rd5 Re8 30. Qe4 Rf8 31. Qe2 Qg5 32. Rxe5 Qg6 33. Qxh5+
Qxh5 34. Rxh5+ Kg8 35. Rhe5 Kf7 36. Re7+ Kf6 37. Rxa7 Rd8 38. Ree7 Rd1+ 39. Kg2
Rc1 40. b3 Rc2 41. Rf7+ Ke5 42. Rxg7 Kd4 43. Rgb7 Kc3 44. Rxb6 Rd2 45. Rf6 Kb2
46. Ra5 Ka1 47. Rxc5 Kxa2 48. Rc8 Kxb3 49. c5 Kc4 50. c6 Kd3 51. Rd6+ Ke2 52.
Rxd2+ Kxd2 53. c7 Ke1 54. Re8+ Kd1 55. c8=Q Kd2 56. Rd8+ Ke2 57. Qe6# 1-0

[Event "Women's Speed Chess Q7"]
[Site "chess.com INT"]
[Date "2021.06.06"]
[Round "3"]
[White "Zaksaite, Salomeja"]
[Black "Grigoryan, Meri"]
[Result "1/2-1/2"]
[WhiteTitle "WIM"]
[BlackTitle "WFM"]
[WhiteElo "2202"]
[BlackElo "2044"]
[WhiteFideId "12801496"]
[BlackFideId "13300571"]
[EventDate "2021.06.06"]

1. g3 c6 2. Bg2 d5 3. b3 Nf6 4. Bb2 g6 5. e3 Bg7 6. Ne2 O-O 7. d3 Nbd7 8. Nd2 e5
9. O-O Re8 10. h3 Qc7 11. a3 b6 12. b4 Bb7 13. Nb3 Rad8 14. c3 e4 15. d4 Nh5 16.
Qc2 f5 17. c4 Rc8 18. Rac1 Ndf6 19. cxd5 Nxd5 20. Qd2 Re7 21. Nc3 Qd6 22. Nxd5
Qxd5 23. Rc3 Ba6 24. Rfc1 Bd3 25. Rxd3 Qe6 26. Rdc3 Rec7 27. Qc2 Bf8 28. Nd2 Nf6
29. Qd1 Nd5 30. R3c2 g5 31. Nc4 f4 32. exf4 gxf4 33. gxf4 Nxf4 34. Qg4+ Qxg4 35.
hxg4 Nd3 36. Rd1 Re8 37. Ne5 Rec8 38. Nxd3 exd3 39. Rxd3 Bg7 40. d5 cxd5 41.
Bxd5+ Kh8 42. Bxg7+ Kxg7 43. Rxc7+ Rxc7 44. f4 Kf6 45. f5 Ke5 46. Be6 Rc2 47.
Rf3 Ke4 48. Rf2 Rc1+ 49. Kg2 Ke3 50. f6 Rc7 51. f7 Rxf7 52. Bxf7 h5 53. g5 h4
54. g6 h3+ 55. Kxh3 Kxf2 56. g7 Ke3 57. g8=Q Kd2 58. Qa8 Kc3 59. Qxa7 Kb2 60.
Qxb6 Kxa3 61. b5 Kb2 62. Qc6 Ka3 63. b6 Kb4 64. b7 Ka5 65. b8=Q 1/2-1/2

[Event "Women's Speed Chess Q7"]
[Site "chess.com INT"]
[Date "2021.06.06"]
[Round "3"]
[White "Priyanka, K"]
[Black "Hng, Mei-En Emmanuelle"]
[Result "0-1"]
[WhiteTitle "WIM"]
[BlackTitle "WFM"]
[WhiteElo "2218"]
[BlackElo "2013"]
[WhiteFideId "5082986"]
[BlackFideId "5804566"]
[EventDate "2021.06.06"]

1. e4 d6 2. d4 Nf6 3. Nc3 g6 4. Be3 Bg7 5. f3 O-O 6. Qd2 Na6 7. h4 h5 8. Nh3 c5
9. Ng5 cxd4 10. Bxd4 Nc5 11. O-O-O Ne6 12. Be3 Qa5 13. Kb1 Re8 14. Be2 Bd7 15.
g4 b5 16. Nd5 Qxd2 17. Rxd2 Nxd5 18. exd5 Nc5 19. gxh5 gxh5 20. Rg1 Bf5 21. Bxc5
dxc5 22. Bd3 Bxd3 23. Rxd3 e5 24. dxe6 fxe6 25. Rd7 Rad8 26. Rxg7+ Kxg7 27.
Nxe6+ Kf6 28. Nxd8 Rxd8 29. Kc1 Rd5 30. Rg5 Rxg5 31. hxg5+ Kxg5 32. Kd2 Kf4 33.
Ke2 h4 34. Kf2 h3 35. c3 a5 36. a3 c4 37. Kf1 Kxf3 38. Kg1 Ke2 39. Kh2 Kd2 40.
Kxh3 Kc2 41. Kg3 Kxb2 42. Kf3 Kxc3 43. Ke3 Kb2 44. Kd4 c3 45. Kc5 c2 46. Kxb5
Kxa3 47. Kxa5 c1=Q 48. Ka6 Qc4+ 49. Kb7 Qe6 50. Ka7 Qb3 51. Ka8 Qb5 52. Ka7 Kb4
53. Ka8 Kc5 54. Ka7 Kc6 55. Ka8 Qb7# 0-1

[Event "Women's Speed Chess Q7"]
[Site "chess.com INT"]
[Date "2021.06.06"]
[Round "3"]
[White "Kotepalli, Sai Nirupama"]
[Black "Dzagnidze, Nana"]
[Result "0-1"]
[WhiteTitle "WFM"]
[BlackTitle "GM"]
[WhiteElo "1914"]
[BlackElo "2524"]
[WhiteFideId "5039444"]
[BlackFideId "13601903"]
[EventDate "2021.06.06"]

1. e4 c6 2. d3 d5 3. Nd2 e5 4. Ngf3 Bd6 5. g3 Nf6 6. Bg2 O-O 7. O-O h6 8. Re1
Re8 9. c3 Nbd7 10. Qc2 Nf8 11. h3 a5 12. Nf1 dxe4 13. dxe4 Bc5 14. a4 Ng6 15.
Ne3 Qc7 16. Bd2 Be6 17. b4 Bf8 18. Nf5 Red8 19. Rad1 b5 20. bxa5 bxa4 21. c4 a3
22. Ra1 Rxa5 23. Bxa5 Qxa5 24. h4 Ra8 25. Reb1 Bb4 26. Qb3 c5 27. Ne1 Nd7 28.
Nd3 Rb8 29. Nxb4 cxb4 30. Ra2 Nc5 31. Rxa3 Nxb3 32. Rxa5 Nxa5 33. Ne3 Nxc4 34.
Nd5 Bxd5 35. exd5 b3 36. Be4 b2 37. Bd3 Na3 38. Rd1 b1=Q 39. Bxb1 Rxb1 40. Rxb1
Nxb1 41. d6 Kf8 42. h5 Ke8 43. hxg6 fxg6 44. Kg2 Kd7 45. Kf3 Kxd6 46. Ke4 Ke6
47. f4 exf4 48. gxf4 g5 49. fxg5 hxg5 50. Kf3 Kf5 51. Kg3 g4 52. Kg2 Kf4 53. Kf2
g3+ 54. Kg2 Nc3 55. Kg1 Kf3 56. Kh1 g2+ 57. Kg1 Ne2+ 58. Kh2 g1=Q+ 59. Kh3 Qg3# 0-1